[Event "Olympiad Women-39"]
[Site "Khanty-Mansiysk"]
[Date "2010.09.23"]
[Round "3.24"]
[White "Milliet, Sophie"]
[Black "Liu, Yang Hazel"]
[Result "1-0"]
[WhiteElo "2388"]
[BlackElo "2083"]
[PlyCount "75"]
[EventDate "2010.09.21"]
[EventType "team-swiss"]
[EventRounds "11"]
[EventCountry "RUS"]
[SourceTitle "CBM 139"]
[Source "ChessBase"]
[SourceDate "2010.11.18"]
[SourceVersion "1"]
[SourceVersionDate "2010.11.18"]
[SourceQuality "1"]
[WhiteTeam "France (W)"]
[BlackTeam "Singapore (W)"]
[WhiteTeamCountry "FRA"]
[BlackTeamCountry "SIN"]

1. e4 c5 2. Nf3 Nc6 3. Bb5 Qb6 4. Nc3 e6 5. Bxc6 Qxc6 6. d4 b5 7. d5 Qb7 8. 0-0 b4 9. Ne2 Nf6 10. Ng3 d6 11. Bg5 Be7 12. Bxf6 gxf6 13. Qd2 Bd7 14. a3 b3 15. cxb3 Qxb3 16. Rfc1 Rb8 17. Rab1 h5 18. h4 e5 19. Rc3 Qa4 20. b4 Bd8 21. Rcc1 Qxa3 22. bxc5 Rxb1 23. Rxb1 Qxc5 24. Rb8 Bg4 25. Qb2 0-0 26. Rb5 Qc4 27. Nh2 Bb6 28. Nxg4 hxg4 29. Rb4 Qd3 30. Rxb6 axb6 31. Qc1 Ra8 32. Kh2 Ra2 33. Qc8+ Kh7 34. Qf5+ Kg7 35. Qxg4+ Kf8 36. Qc8+ Kg7 37. Nf5+ Kh7 38. Qf8 1-0

[Event "Olympiad Women-39"]
[Site "Khanty-Mansiysk"]
[Date "2010.09.21"]
[Round "1.5"]
[White "Girya, Olga"]
[Black "Liu, Yang Hazel"]
[Result "1-0"]
[WhiteElo "2414"]
[BlackElo "2083"]
[PlyCount "69"]
[EventDate "2010.09.21"]
[EventType "team-swiss"]
[EventRounds "11"]
[EventCountry "RUS"]
[SourceTitle "CBM 139"]
[Source "ChessBase"]
[SourceDate "2010.11.18"]
[SourceVersion "1"]
[SourceVersionDate "2010.11.18"]
[SourceQuality "1"]
[WhiteTeam "Russia (W) II"]
[BlackTeam "Singapore (W)"]
[WhiteTeamCountry "RUS"]
[BlackTeamCountry "SIN"]

1. e4 c5 2. Nc3 Nc6 3. Bb5 Nd4 4. Bc4 e6 5. Nf3 Ne7 6. Nxd4 cxd4 7. Ne2 Nc6 8. 0-0 Bc5 9. d3 0-0 10. Bf4 Na5 11. a3 d5 12. exd5 exd5 13. Ba2 Nc6 14. b4 Bb6 15. Bg3 Ne7 16. Nf4 a5 17. Re1 Re8 18. Nxd5 Nxd5 19. Rxe8+ Qxe8 20. Bxd5 axb4 21. axb4 Rxa1 22. Qxa1 Qe2 23. h3 Qe7 24. Qa8 Qd7 25. Qa2 Qe7 26. Qc4 Be6 27. Bxe6 fxe6 28. Qc8+ Kf7 29. Be5 h6 30. f4 Kg6 31. Kh2 h5 32. Qh8 h4 33. g4 hxg3+ 34. Kxg3 Qf7 35. h4 1-0

[Event "Asia-chT (Women) 6th Tata Steel"]
[Site "Kolkata"]
[Date "2009.12.26"]
[Round "5"]
[White "Pham, Le Thao Nguyen"]
[Black "Liu, Yang Hazel"]
[Result "1-0"]
[WhiteElo "2295"]
[BlackElo "2066"]
[PlyCount "87"]
[EventDate "2009.12.22"]
[EventType "team-swiss"]
[EventRounds "7"]
[EventCountry "IND"]
[SourceTitle "EXT 2020"]
[Source "ChessBase"]
[SourceDate "2019.10.17"]
[SourceVersion "1"]
[SourceVersionDate "2019.10.17"]
[SourceQuality "1"]
[WhiteTeam "Vietnam (W)"]
[BlackTeam "Singapore (W)"]
[WhiteTeamCountry "VIE"]
[BlackTeamCountry "SIN"]

1. Nf3 d5 2. c4 d4 3. d3 c5 4. g3 Nc6 5. Bg2 e5 6. 0-0 Nf6 7. e4 dxe3 8. fxe3 e4 9. Ne1 Be7 10. Nc3 exd3 11. Nxd3 0-0 12. Nd5 Ng4 13. N3f4 Nge5 14. b3 a6 15. Bb2 Rb8 16. Qc2 b5 17. Rad1 Bd6 18. cxb5 axb5 19. Nc3 Nb4 20. Qb1 c4 21. Rd4 Qe7 22. Ne4 Bc7 23. Ba3 Be6 24. Bxb4 Qxb4 25. Ng5 g6 26. Nfxe6 fxe6 27. Rxf8+ Qxf8 28. Nxe6 Qe7 29. Nxc7 Qxc7 30. Qc2 Rc8 31. bxc4 Nxc4 32. Qb3 Qe5 33. Re4 Qc5 34. h3 Kh8 35. Qc3+ Kg8 36. Kh2 Nd6 37. Qb3+ Kh8 38. Rf4 Nf5 39. Qe6 Qc2 40. Qe5+ Kg8 41. Qd5+ Kh8 42. Qxb5 Qxa2 43. Qe5+ Kg8 44. Rb4 1-0